| 000 | 00345nam a22001457a 4500 | ||
|---|---|---|---|
| 003 | OSt | ||
| 008 | 250516b |||||||| |||| 00| 0 eng d | ||
| 100 | _aCHATURVEDI, Sachidananad | ||
| 245 | _aKya Hindu Mitt Jayenge | ||
| 250 | _a22th | ||
| 260 |
_aNew Delhi _bHindu Writers Form _c2022 |
||
| 300 | _a224 | ||
| 650 | _aGeneral | ||
| 942 |
_2ddc _cBK |
||
| 999 |
_c13585 _d13585 |
||